[Event "4NCL Division 1a"]
[Site "Northampton, ENG"]
[Date "2017.01.15"]
[Round "4.41"]
[White "Cooper, John G"]
[Black "Tukpetov, Evgeny"]
[Result "1/2-1/2"]
[WhiteElo "2257"]
[BlackElo "2255"]
[PlyCount "102"]
[EventDate "2017.01.15"]
[WhiteTeam "South Wales Dragons"]
[BlackTeam "Kings Head"]

1. c4 Nc6 2. Nc3 e5 3. g3 Bc5 4. Bg2 d6 5. e3 a6 6. Nge2 h5 7. d4 Ba7 8. h3 f5
9. dxe5 dxe5 10. Bxc6+ bxc6 11. Qxd8+ Kxd8 12. h4 Bc5 13. b3 Bd6 14. Bb2 Nf6
15. Rd1 Bd7 16. O-O Ke7 17. Na4 c5 18. Nec3 Rag8 19. f4 Ng4 20. fxe5 Nxe5 21.
Nd5+ Ke8 22. Nxc5 Bc8 23. Bxe5 Bxe5 24. Kh2 Rh6 25. Nd3 Bd6 26. c5 Be7 27.
Nxc7+ Kf8 28. Nd5 g5 29. Nxe7 Kxe7 30. hxg5 Rxg5 31. Rf4 Re6 32. Nb4 Bb7 33.
Rd3 a5 34. c6 Bxc6 35. Nxc6+ Rxc6 36. Rc4 Rxc4 37. bxc4 Rg4 38. Rd4 Rg6 39. Rd5
Ke6 40. Rxa5 Rg4 41. Ra3 Rxc4 42. Kg2 h4 43. gxh4 Rxh4 44. Kg3 Rc4 45. Ra5 Rg4+
46. Kf3 Rh4 47. a4 Rh8 48. Kf4 Rh4+ 49. Kg3 Rh8 50. Rb5 Rg8+ 51. Kf3 Rg4
1/2-1/2

[Event "4NCL Division 1a"]
[Site "Northampton, ENG"]
[Date "2017.01.15"]
[Round "4.42"]
[White "Kwiatkowski, Feliks J"]
[Black "Kett, Tim"]
[Result "1/2-1/2"]
[WhiteElo "2230"]
[BlackElo "2209"]
[PlyCount "63"]
[EventDate "2017.01.15"]
[WhiteTeam "Kings Head"]
[BlackTeam "South Wales Dragons"]

1. e4 e5 2. Nf3 Nc6 3. Bb5 a6 4. Ba4 Nf6 5. O-O Be7 6. Re1 b5 7. Bb3 d6 8. c3
O-O 9. h3 Bb7 10. d4 Nd7 11. Nbd2 exd4 12. cxd4 Bf6 13. Nf1 Na5 14. Bc2 Re8 15.
Ng3 g6 16. b3 c5 17. Bb2 Nc6 18. Qd2 Rc8 19. Rad1 cxd4 20. Bb1 h5 21. Nxd4 Nxd4
22. Bxd4 h4 23. Nf1 Nc5 24. Bxf6 Qxf6 25. f3 Red8 26. Qh6 Ne6 27. Rxd6 Rxd6 28.
e5 Qf4 29. Qxf4 Nxf4 30. exd6 Rd8 31. Re7 Bd5 32. d7 1/2-1/2

[Event "4NCL Division 1a"]
[Site "Northampton, ENG"]
[Date "2017.01.15"]
[Round "4.43"]
[White "Redmond, John P"]
[Black "McMichael, Richard J"]
[Result "1/2-1/2"]
[WhiteElo "2205"]
[BlackElo "2218"]
[PlyCount "59"]
[EventDate "2017.01.15"]
[WhiteTeam "South Wales Dragons"]
[BlackTeam "Kings Head"]

1. Nf3 d5 2. d4 e6 3. c4 c6 4. Nc3 f5 5. Bf4 Nf6 6. e3 Be7 7. Qc2 O-O 8. Bd3 a6
9. h3 Bd7 10. g4 dxc4 11. Bxc4 Nd5 12. Ne5 Be8 13. O-O-O b5 14. Nxd5 cxd5 15.
Bd3 Bg6 16. Kb1 Bd6 17. Nxg6 hxg6 18. Bxd6 Qxd6 19. Rc1 Nd7 20. Qc7 Qxc7 21.
Rxc7 Rf7 22. Rhc1 Nf6 23. Rxf7 Kxf7 24. Rc7+ Kf8 25. g5 Ne8 26. Rd7 Rc8 27. a4
bxa4 28. Ra7 a3 29. Rxa6 axb2 30. Kxb2 1/2-1/2

[Event "4NCL Division 1a"]
[Site "Northampton, ENG"]
[Date "2017.01.15"]
[Round "4.44"]
[White "Okike, David"]
[Black "Blackburn, Joathan Lb"]
[Result "1/2-1/2"]
[WhiteElo "2190"]
[BlackElo "2193"]
[PlyCount "54"]
[EventDate "2017.01.15"]
[WhiteTeam "Kings Head"]
[BlackTeam "South Wales Dragons"]

1. e4 e6 2. d4 d5 3. Nc3 Bb4 4. e5 c5 5. a3 Ba5 6. Qg4 Ne7 7. Qxg7 Rg8 8. Qxh7
cxd4 9. b4 dxc3 10. bxa5 Nbc6 11. f4 Qxa5 12. Nf3 Bd7 13. Rb1 O-O-O 14. Qd3 d4
15. Kf2 Nf5 16. Rg1 Nce7 17. g4 Ne3 18. Nxd4 Nxg4+ 19. Rxg4 Rxg4 20. Qf3 Qd5
21. Qxg4 Qxd4+ 22. Be3 Qa4 23. Rb3 Bc6 24. Qe2 Nd5 25. Qc4 Nxe3 26. Kxe3 Qxc4
27. Bxc4 Rh8 1/2-1/2

[Event "4NCL Division 1a"]
[Site "Northampton, ENG"]
[Date "2017.01.15"]
[Round "4.45"]
[White "Williamson, Roger G"]
[Black "Guthrie, David"]
[Result "1-0"]
[WhiteElo "2189"]
[BlackElo "2183"]
[PlyCount "57"]
[EventDate "2017.01.15"]
[WhiteTeam "South Wales Dragons"]
[BlackTeam "Kings Head"]

1. d4 Nf6 2. c4 e6 3. Nc3 Bb4 4. e3 O-O 5. Nge2 c6 6. a3 Ba5 7. Ng3 d5 8. cxd5
exd5 9. Bd3 Re8 10. O-O Nbd7 11. f3 Nf8 12. Nf5 Bc7 13. b3 a6 14. g4 Ne6 15.
Bb1 c5 16. dxc5 Be5 17. Nd4 Nxc5 18. g5 Nfd7 19. f4 Bb8 20. b4 Ne4 21. Nxe4
dxe4 22. Qh5 g6 23. Qh6 Bd6 24. Ba2 Bf8 25. Qh4 Bg7 26. f5 Ne5 27. f6 Bf8 28.
Bb2 Nd3 29. Bxf7+ 1-0

[Event "4NCL Division 1a"]
[Site "Northampton, ENG"]
[Date "2017.01.15"]
[Round "4.46"]
[White "Wittmann, Jochen"]
[Black "Zeidler, Sven P"]
[Result "0-1"]
[WhiteElo "2109"]
[BlackElo "2181"]
[PlyCount "74"]
[EventDate "2017.01.15"]
[WhiteTeam "Kings Head"]
[BlackTeam "South Wales Dragons"]

1. f4 d5 2. Nf3 g6 3. g3 Bg7 4. Bg2 Nh6 5. c3 O-O 6. O-O c6 7. d3 Qb6+ 8. Kh1
Na6 9. e4 Nc5 10. Qc2 Qa6 11. Rd1 Nxd3 12. exd5 Ng4 13. Bf1 Bf5 14. Kg2 Nxf4+
15. Bxf4 Bxc2 16. Bxa6 Bxd1 17. Bxb7 cxd5 18. Bxa8 Rxa8 19. h3 Bxf3+ 20. Kxf3
Ne5+ 21. Bxe5 Bxe5 22. Nd2 Rb8 23. Nb3 Rb6 24. Rd1 e6 25. Rd2 Ra6 26. a3 Ra4
27. Nc5 Rc4 28. Nd3 Bd6 29. Nf2 h5 30. Nd1 Ra4 31. Ne3 Be5 32. Nc2 Rc4 33. Re2
Bd6 34. Rd2 Re4 35. Rd1 f5 36. Nd4 a6 37. c4 Bc5 0-1

[Event "4NCL Division 1a"]
[Site "Northampton, ENG"]
[Date "2017.01.15"]
[Round "4.47"]
[White "James, David J"]
[Black "Mackenzie, Colin"]
[Result "1/2-1/2"]
[WhiteElo "2130"]
[BlackElo "2087"]
[PlyCount "34"]
[EventDate "2017.01.15"]
[WhiteTeam "South Wales Dragons"]
[BlackTeam "Kings Head"]

1. d4 e6 2. c4 Nf6 3. Nc3 Bb4 4. Qc2 d5 5. a3 Bxc3+ 6. Qxc3 Ne4 7. Qc2 O-O 8.
g3 b6 9. Bg2 Bb7 10. Nf3 Nd7 11. O-O a5 12. b3 c6 13. Nd2 Nxd2 14. Bxd2 Ba6 15.
Rfe1 Rc8 16. Rac1 a4 17. cxd5 cxd5 1/2-1/2